Compilers: Principles, techniques and toolLam, (Record no. 24329)

MARC details
000 -LEADER
fixed length control field 00481nam a2200181Ia 4500
008 - FIXED-LENGTH DATA ELEMENTS--GENERAL INFORMATION
fixed length control field 230917s9999||||xx |||||||||||||| ||und||
020 ## - ISBN
Price RS899
040 ## - CATALOGING SOURCE
-- 242859
Original cataloging agency VIVEKANANDA LIBRARY
041 ## - Language
-- English
082 ## - DDC NUMBER
Classification number 005.453 A68C(2)
100 ## - MAIN ENTRY--PERSONAL NAME
Personal name Aho, Alferd V
245 #0 - TITLE STATEMENT
Title Compilers: Principles, techniques and toolLam,
250 ## - EDITION STATEMENT
Edition statement 2nd ed.
260 ## - PUBLICATION, DISTRIBUTION, ETC. (IMPRINT)
Place of publication, distribution, etc ogySantha
Name of publisher, distributor, etc Pearson
Date of publication, distribution, etc 2017
300 ## - PHYSICAL DESCRIPTION
Pages 948 p.
500 ## - GENERAL NOTE
General note 2907 03/11/2017 HBD17/7077 07/11/2017 Main Budget
942 ## - ADDED ENTRY ELEMENTS (KOHA)
Koha item type Books
Holdings
Withdrawn status Lost status Damaged status Not for loan Location (home branch) Sublocation or collection (holding branch) Date acquired Koha issues (times borrowed) Koha full call number Accession No. Koha date last seen Koha item type
        VIVEKANANDA LIBRARY VIVEKANANDA LIBRARY 01/12/2017 2 005.453 A68C(2) 363505 26/03/2026 Books
        VIVEKANANDA LIBRARY VIVEKANANDA LIBRARY 01/12/2017 1 005.453 A68C(2) 363506 27/09/2024 Books
© Designed and Maintained by Vivekananda Library, MDU Rohtak